| 000 | 00537nam a22001697a 4500 | ||
|---|---|---|---|
| 003 | PILC | ||
| 005 | 20150112093444.0 | ||
| 008 | 130227t xxu||||| |||| 00| 0 eng d | ||
| 020 | _a9789710388646 | ||
| 050 |
_aNX 440 _b.M547 2009 |
||
| 082 |
_aG 001.3 _bM52 2009 |
||
| 100 |
_aJesus Z. Menoy _918830 |
||
| 245 |
_aIntroduction to thge Humanities : _cFrancisco M. Zulueta _ba hollistic Approach / |
||
| 260 |
_a Mandaluyong City _bBooks Atbp. Publishing Corp., _c2009. |
||
| 300 |
_a287 pages : _billustration ; _c22 cm. |
||
| 942 |
_2lcc _cBK |
||
| 999 |
_c14839 _d14839 |
||